Search the Library Catalogue
| 000 -LEADER | |
|---|---|
| fixed length control field | 00901nam a2200241Ia 4500 |
| 008 - FIXED-LENGTH DATA ELEMENTS--GENERAL INFORMATION | |
| fixed length control field | 191130s1998##################000#0#eng## |
| 020 ## - INTERNATIONAL STANDARD BOOK NUMBER | |
| ISBN | 9780819217745 |
| 082 ## - DEWEY DECIMAL CLASSIFICATION NUMBER | |
| Classification number | 234.16108823 STE |
| 100 ## - MAIN ENTRY--AUTHOR NAME | |
| Personal name | Stevenson, Kenneth |
| 245 ## - TITLE STATEMENT | |
| Title | The mystery of baptism in the Anglican tradition |
| Statement of responsibility, etc | Kenneth Stevenson |
| 260 ## - PUBLICATION, DISTRIBUTION, ETC. (IMPRINT) | |
| Place of publication | Harrisburg, PA |
| Name of publisher | Morehouse Pub |
| Year of publication | c1998 |
| 300 ## - PHYSICAL DESCRIPTION | |
| Number of Pages | viii, 214 p. ; 22 cm |
| 500 ## - GENERAL NOTE | |
| General note | Includes bibliographical references (p. [205]-214) |
| 650 ## - SUBJECT ADDED ENTRY--TOPICAL TERM | |
| Topical Term | Anglican Communion - Doctrines - History - 16th century |
| Topical Term | Anglican Communion - Doctrines - History - 17th century |
| Topical Term | Baptism - Anglican Communion - History of doctrines - 16th century |
| Topical Term | Baptism - Anglican Communion - History of doctrines - 17th century |
| 991 ## - | |
| -- | 99188 |
| Withdrawn status | Lost status | Damaged status | Not for loan | Home library | Current library | Shelving location | Date acquired | Full call number | Accession Number | Price effective from | Koha item type |
|---|---|---|---|---|---|---|---|---|---|---|---|
| Anna Centenary Library | Anna Centenary Library | 3RD FLOOR, B WING | 09.10.2020 | 234.16108823 STE | 214985 | 09.10.2020 | English Books |